00437nam a22001457a 450000500170000000800410001702000340005804100120009208200140010410000130011824500640013126000410019530000290023665000260026520240430121956.0240430b |||||||| |||| 00| 0 eng d a9780409059175 ; 9780409050585 aEnglish a343.7 REY lEnglish  aCompetition Law of South Africa / cP Sutherland and K Kemp aDurban:bLexisNexis(Pty) Ltd, c2000 bvii, 117 pages; c26 cm. aLegal practice bLaw